000 00717nam a22002057a 4500
999 _c10946
_d10946
003 AR-CdUCM
008 190402b ||||| |||| 00| 0 spa d
040 _aMUNICIPALIDAD PROVINCIAL DEL CUSCO
_cBIBLIOTECA MUNICIPAL DEL CUSCO
082 _a573.29 /
_bL82 / 1937
100 _aLoor, Wilfredo
_928026
245 _aLos indios de Manabi /
260 _aQuito :
_bEcuatoriana,
_c1937.
300 _a155 páginas ;
_c20 cm.
505 _aContenido: Antigüedad del hombre -- Los mantas -- Caras y shiris -- Otros pueblos -- Las sillas de piedra -- La religión ...
650 _aAntropología física
_920783
650 _aÉpoca cuaternaria
_928027
650 _aCultura
_9126
942 _2ddc
_cLIBROS
945 _aacv